00310 a2200097 4500001001000000005001700010008004100027245006100068100002700129773005600156ART_4056920260410161754.0260409a 10aSinceramiento de capitales. Ley 27260 y reglamentación1 aSchwartzman, Daniel M.0 tDoctrina tributariag- Nº 439 (oct. 2016)wREV4296